| 000 | 00767cab a22002055a 4500 | ||
|---|---|---|---|
| 001 | L158253 | ||
| 008 | 141113e20141108xxk 000 0 eng d | ||
| 035 | _a(Sirsi) u158253 | ||
| 041 | 0 | _aeng | |
| 100 | 1 | _aCahill, Julia | |
| 245 | 0 | 0 | _aTop agents 2014 survey |
| 260 | _c2014 | ||
| 490 |
_aEstates Gazette _v(1445) 8 November 2014, 64-71(8) |
||
| 520 | _a2014 top agents survey. This sector is performing well and taking advantage of the improving economy. The collective turnover of the Top Agents league table has climbed by 17% on last year to £2.7bn and expectations for 2014/15 are for continuing good results. | ||
| 590 | _aKA | ||
| 651 | 4 | _aUnited Kingdom | |
| 690 |
_aCommercial property _96227 |
||
| 690 |
_aResidential property _96266 |
||
| 942 | _n0 | ||
| 999 |
_c84546 _d84546 |
||